| 000 | 00682nas a2200241 4500 | ||
|---|---|---|---|
| 001 | BR0904129 | ||
| 003 | BR-BrBNA | ||
| 005 | 20231205113238.0 | ||
| 007 | ta | ||
| 008 | 230509b bl.|||p| |||| 00| 00por d | ||
| 040 |
_aBR-BrBNA _bpor _cBiblioteca Nacional de Agricultura |
||
| 041 | _a(Pt) | ||
| 072 | _aA01 | ||
| 100 | 1 | _aPino, F.A. | |
| 245 | 1 | _aUnidades amostrais em levantamento de dados agrícolas | |
| 650 | _aLEVANTAMENTO | ||
| 650 | _aFAZENDA | ||
| 650 | _aSÍTIO | ||
| 650 | _aAGRICULTURA | ||
| 773 | 0 |
_tAgricultura em São Paulo (Brazil) _xISSN 0044-6793 _g(2003), v. 50(1) p. 1-9 _wBR0904129 |
|
| 909 |
_a202311 _bLúcia _c55 _dLúcia Elande |
||
| 942 |
_2AGRIS _n0 _cANA |
||
| 999 |
_c202668 _d202668 |
||